000 01565nam2a2200277 4500
001 RU\NLR\bibl\1194279
005 20260412063535.0
010 _a978-5-275-01532-4
_bт. 3
021 _aRU
_b2008-569
_930
035 _a(NLR Aleph) 001180809
090 _a1656150
_c1656150
100 _a20080228d2007 |||y0rusy50 ca
101 0 _arus
102 _aRU
105 _aa |||||||||
200 1 _aНазидательные новеллы
_f[пер. с исп. Б. Кржевского
_gстихи в пер. М. Лозинского
_gкоммент. Б. Кржевского]
215 _a569, [2] с.
_cил.
327 1 _aСодерж.: Цыганочка; Великодушный поклонник; Ринконете и Кортадильо; Английская испанка; Лиценциат Видриера; Сила крови; Ревнивый эстремадурец; Высокородная судомойка; Две девицы; Сеньора Корнелия
461 0 _1001RU\NLR\bibl\1227635
_12001#$aСобрание сочинений$vТ. 3
_995751
_aСервантес Сааведра, М. де (1547-1616)
_cМосква
_d2007
_fМигель де Сервантес
_nТерра
_oв 5 т.
_tСобрание сочинений
_y878-5-275-01535-5
_vТ. 3
702 1 _4730
_7ca
_8rus
_aЛозинский
_bМ. Л.
_f1886-1955
_gМихаил Леонидович
_3RU\NLR\AUTH\7766138
_949067
801 0 _aRU
_bNLR
_c20080228
_gRCR
801 1 _aRU
_bNLR
_c20080228
942 _cBOOK
980 _aNB